| 000 | 00332nam a2200097Ia 4500 | ||
|---|---|---|---|
| 008 | 180130s9999 xx 000 0 und d | ||
| 245 |
_cPowell, Douglas R. _aEarly intervention |
||
| 260 | _c2014 | ||
| 300 | _aBook title: Blackwell handbook of infant development--Acession number C19029; pages 993-1012 | ||
| 650 | _aINFANTS--DEVELOPMENT | ||
| 999 |
_c354055 _d354055 |
||